Белые пароходы: [Повести и рассказ ]; для среднего и старшего школьного возраста

Bibliographische Detailangaben
1. Verfasser: Железников В. К. Владимир Карпович
Weitere Verfasser: Ременник А. И. (иллюстратор)
Sprache:Russisch
Veröffentlicht: Москва, Советская Россия, 1989
Schriftenreihe:Школьная библиотека
Schlagworte:
Format: MixedMaterials Buch
KOHA link:https://koha.lib.tpu.ru/cgi-bin/koha/opac-detail.pl?biblionumber=142860

MARC

LEADER 00000nam0a2200000 4500
001 142860
005 20231031142907.0
010 |a 5268002457 
020 |a RU  |b 89-4643 
035 |a (RuTPU)RU\TPU\book\154821 
090 |a 142860 
100 |a 20080912d1989 de y0rusy5003 ca 
101 0 |a rus 
102 |a RU 
105 |a c z 000ay 
200 1 |a Белые пароходы  |e [Повести и рассказ ]  |e для среднего и старшего школьного возраста  |f В. К. Железников  |g худож. А. И. Ременник 
210 |a Москва  |c Советская Россия  |d 1989 
215 |a 238,[2] с.  |c портр.  |d 21 см 
225 1 |a Школьная библиотека 
610 1 |a советская литература 
610 1 |a повести 
610 1 |a рассказы 
675 |a Р2  |z rus 
700 1 |a Железников  |b В. К.  |g Владимир Карпович  |4 070 
702 1 |a Ременник  |b А. И.  |4 440 
801 0 |a RU  |b RuMRKP  |c 19950417  |g psbo 
801 1 |a RU  |b 63413507  |c 20080912  |g PSBO 
801 2 |a RU  |b 63413507  |c 20080912  |g PSBO 
942 |c BK